000 01229nam a22003137a 4500
999 _c64171
_d64171
005 20240530110718.0
008 180310s2016 ua ad f b 000 0 ara d
017 _a2016/19577
_bمصر. دار الكتب
020 _a9789773193065
040 _aEG-CaGPL
_cEG-CaGPL
082 0 4 _221
_a302.24\
_bر إ
100 0 _aرامى عطا صديق
245 1 2 _aالاعلام والارهاب :
_bدراسة حالة واستراتيجية مواجهة /
_cرامى عطا صديق ، فاطمة شعبان ابوالحسن ، نسمة فايق كمال .
250 _aط.1
260 _aالقاهرة :
_bالعربى للنشر و التوزيع ،
_c2016 .
300 _a247 ص. ؛
_c24 سم.
650 0 7 _2qrmak
_aالتعصب
650 0 7 _2qrmak
_aالاغتيالات السياسية
650 0 7 _2qrmak
_aالاعلام
650 0 7 _2qrmak
_aالغضب
650 0 7 _2qrmak
_aالعنف
650 0 7 _2qrmak
_aالارهاب
650 0 7 _2qrmak
_aالتطرف الدينى
651 0 7 _2qrmak
700 0 _aفاطمة شعبان ابوالحسن
_eمؤلف مشارك
700 0 _aنسمة فايق كمال
_eمؤلف مشارك
942 _2ddc
_cBK